|
|
|
|
| LEADER |
00000cas a22000005a 4500 |
| 001 |
vtls008938007 |
| 003 |
SK-MaSNL |
| 005 |
20260228163550.0 |
| 008 |
070123c20039999xo zr|p 0 b0slo |
| 022 |
|
|
|a 1337-0790
|
| 040 |
|
|
|a SNK
|b slo
|c SNK
|e AACR2
|
| 041 |
0 |
|
|a slo
|
| 044 |
|
|
|a xo
|c SK
|
| 072 |
|
7 |
|a 378
|x Vysoké školy
|2 konspekt
|
| 080 |
|
|
|a 378.011.3-052
|2 2011
|
| 210 |
0 |
|
|a Zumag
|
| 222 |
|
0 |
|a Zumag
|
| 245 |
0 |
0 |
|a Zumag
|b časopis študentov Filozofickej fakulty Katolíckej univerzity v Ružomberku
|
| 260 |
|
|
|a Ružomberok
|b Katedra žurnalistiky Filozofickej fakulty Katolíckej univerzity v Ružomberku
|c 2003/04-
|
| 300 |
|
|
|a zv.
|c 30 cm
|
| 310 |
|
|
|a Nepravidelne
|
| 362 |
0 |
|
|a Registračné č.: RP 236/2006
|
| 500 |
|
|
|a Redaktori sa menia
|
| 500 |
|
|
|a Podnázvy sa menia
|
| 610 |
2 |
7 |
|a Katolícka univerzita v Ružomberku.
|b Filozofická fakulta
|2 SNKKA
|9 256490
|
| 650 |
0 |
7 |
|a vysokoškolskí študenti
|2 SNKPH
|9 3981
|
| 655 |
|
7 |
|a študentské časopisy
|2 SNKPH
|9 265964
|
| 856 |
4 |
1 |
|u http://zumag.ku.sk/
|
| 856 |
4 |
1 |
|u http://zumag.ku.sk/archiv-vydani/
|
| 910 |
|
|
|a snk
|
| 999 |
|
|
|c 9868
|d 11798
|
| 952 |
|
|
|0 0
|1 0
|4 0
|7 0
|8 0
|a SNK
|b SNK
|d 2019-09-17
|i snk2019/23116
|l 0
|o snkČSB 7284/4/2006-2007
|p 17A1383397
|r 2026-02-21 21:52:22
|t č. 1-5
|w 2026-02-21
|y PREZ
|
| 952 |
|
|
|0 0
|1 0
|4 0
|7 0
|8 0
|a SNK
|b SNK
|d 2019-09-18
|i snk2019/23162
|l 0
|o snkČSB 7284/5/2007-2008
|p 17A1383398
|r 2026-02-21 21:52:24
|t č. 1-6, neúplné
|w 2026-02-21
|y PREZ
|z Chýba č. 1-3
|
| 952 |
|
|
|0 0
|1 0
|4 0
|7 0
|8 0
|a SNK
|b SNK
|d 2019-09-18
|i snk2019/23163
|l 0
|o snkČSB 7284/5/2007-2008 D1
|p 17A1383399
|r 2026-02-21 21:52:24
|t č. 1-6, neúplné
|w 2026-02-21
|y PREZ
|z Chýba č. 1-3
|
| 952 |
|
|
|0 0
|1 0
|4 0
|7 0
|8 0
|a SNK
|b SNK
|d 2019-09-18
|i snk2019/23175
|l 0
|o snkČSB 7284/6/2008-2009
|p 17A1383400
|r 2026-02-21 21:52:24
|t č. 1-4, neúplné
|w 2026-02-21
|y PREZ
|z Chýba č. 4
|
| 952 |
|
|
|0 0
|1 0
|4 0
|7 0
|8 0
|a SNK
|b SNK
|d 2019-09-18
|i snk2019/23179
|l 0
|o snkČSB 7284/6/2008-2009 D1
|p 17A1383401
|r 2026-02-21 21:52:24
|t č. 1-4, neúplné
|w 2026-02-21
|y PREZ
|z Chýba č. 4
|